Sports Quiz

Random Sports Quiz

2000s NL Cy Youngs Quiz Stats

 Plays Quiz not verified by Sporcle

Score 0/11 Timer 03:00
0 Plays Today
Year % Correct
2010Roy Halladay
96%
2000Randy Johnson
91.1%
2001Randy Johnson
91.1%
2002Randy Johnson
91.1%
2008Tim Lincecum
91.1%
2009Tim Lincecum
91.1%
2005Chris Carpenter
81.2%
2006Brandon Webb
73.3%
2004Roger Clemens
70.3%
2007Jake Peavy
70.3%
2003Eric Gagne
55.4%

You're not logged in!

Compare scores with friends on all Sporcle quizzes.
OR
Log In

Show Comments

Extras

Created Nov 28, 2010SourceReportNominate
Tags:2000, young

Top Quizzes Today


Score Distribution

Your Account Isn't Verified!

In order to create a playlist on Sporcle, you need to verify the email address you used during registration. Go to your Sporcle Settings to finish the process.

Report this User

Report this user for behavior that violates our Community Guidelines.

Details: